[Event "Praha"]
[Site "?"]
[Date "2023.01.07"]
[Round "3.8"]
[White "Shatil, Shir"]
[Black "Schneider, Jana"]
[Result "1/2-1/2"]
[BlackElo "2263"]
[WhiteElo "2149"]
[LiveChessVersion "1.4.8"]

1. d4 {[%clk 1:30:58]} d5 {[%clk 1:30:48]} 2. c4 {[%clk 1:31:24]} e6
{[%clk 1:31:12]} 3. Nc3 {[%clk 1:31:51]} Nf6 {[%clk 1:31:35]} 4. cxd5
{[%clk 1:32:17]} exd5 {[%clk 1:31:49]} 5. Bg5 {[%clk 1:32:43]} c6
{[%clk 1:31:52]} 6. e3 {[%clk 1:33:07]} Bd6 {[%clk 1:32:06]} 7. Bd3
{[%clk 1:32:35]} O-O {[%clk 1:32:13]} 8. Qc2 {[%clk 1:30:02]} h6 {[%clk 1:32:23]}
9. Bh4 {[%clk 1:30:28]} Re8 {[%clk 1:31:30]} 10. Nge2 {[%clk 1:22:52]} a5
{[%clk 1:31:38]} 11. Bg3 {[%clk 1:21:40]} Bxg3 {[%clk 1:28:56]} 12. Nxg3
{[%clk 1:17:28]} Na6 {[%clk 1:28:19]} 13. a3 {[%clk 1:16:52]} Nc7
{[%clk 1:27:10]} 14. O-O {[%clk 1:16:19]} Ne6 {[%clk 1:26:20]} 15. b4
{[%clk 1:09:31]} h5 {[%clk 1:16:42]} 16. b5 {[%clk 1:04:20]} c5 {[%clk 1:10:21]}
17. dxc5 {[%clk 1:01:02]} Nxc5 {[%clk 1:10:15]} 18. Rfd1 {[%clk 0:53:46]} h4
{[%clk 1:05:30]} 19. Nge2 {[%clk 0:42:56]} Qd6 {[%clk 0:55:06]} 20. Nf4
{[%clk 0:39:52]} Be6 {[%clk 0:48:40]} 21. Bc4 {[%clk 0:36:03]} Qe5
{[%clk 0:38:06]} 22. Ncxd5 {[%clk 0:31:32]} Bxd5 {[%clk 0:31:12]} 23. Bxd5
{[%clk 0:29:54]} Nxd5 {[%clk 0:30:25]} 24. Nxd5 {[%clk 0:29:08]} Ne4
{[%clk 0:29:22]} 25. Rd4 {[%clk 0:14:02]} Rac8 {[%clk 0:25:47]} 26. Qa2
{[%clk 0:10:31]} h3 {[%clk 0:23:50]} 27. Nf4 {[%clk 0:06:13]} Nc3
{[%clk 0:20:03]} 28. Qb2 {[%clk 0:04:38]} Nxb5 {[%clk 0:19:52]} 29. Rd2
{[%clk 0:04:53]} hxg2 {[%clk 0:15:30]} 30. Qxe5 {[%clk 0:05:13]} Rxe5
{[%clk 0:15:58]} 31. Kxg2 {[%clk 0:05:26]} Rc7 {[%clk 0:13:56]} 32. Kf3
{[%clk 0:03:04]} Nc3 {[%clk 0:12:28]} 33. Rc1 {[%clk 0:02:22]} b5
{[%clk 0:10:37]} 34. Rd4 {[%clk 0:01:49]} Rec5 {[%clk 0:08:41]} 35. Nd3
{[%clk 0:01:32]} R5c6 {[%clk 0:07:09]} 36. Ne5 {[%clk 0:01:12]} Re6
{[%clk 0:05:46]} 37. Nd3 {[%clk 0:01:15]} Rf6+ {[%clk 0:05:29]} 38. Kg2
{[%clk 0:01:02]} Rfc6 {[%clk 0:04:35]} 39. Ne5 {[%clk 0:01:20]} Rc5
{[%clk 0:04:39]} 40. f4 {[%clk 0:00:39]} f6 {[%clk 0:01:35]} 41. Nd3
{[%clk 0:00:41]} Rc4 {[%clk 0:28:16]} 42. Rxc4 {[%clk 0:25:54]} Rxc4
{[%clk 0:28:39]} 43. Nb2 {[%clk 0:25:57]} Rc5 {[%clk 0:22:08]} 44. Kf3
{[%clk 0:20:10]} Kf7 {[%clk 0:21:19]} 45. Nd3 {[%clk 0:16:38]} Rc4
{[%clk 0:21:36]} 46. Nb2 {[%clk 0:16:58]} Rc5 {[%clk 0:21:51]} 47. Nd3
{[%clk 0:17:15]} Rc4 {[%clk 0:21:46]} 48. Nb2 {[%clk 0:17:37]} 1/2-1/2

[Event "Praha"]
[Site "?"]
[Date "2023.01.07"]
[Round "3.9"]
[White "Goroshkov, Maksym"]
[Black "Schouten, Mathias Lind"]
[Result "1/2-1/2"]
[BlackElo "2044"]
[WhiteElo "2261"]
[LiveChessVersion "1.4.8"]

1. d4 {[%clk 1:30:57]} Nf6 {[%clk 1:24:03]} 2. Nf3 {[%clk 1:31:15]} d5
{[%clk 1:24:12]} 3. c4 {[%clk 1:31:33]} e6 {[%clk 1:24:38]} 4. g3
{[%clk 1:31:57]} Be7 {[%clk 1:24:15]} 5. Bg2 {[%clk 1:32:19]} O-O
{[%clk 1:24:07]} 6. O-O {[%clk 1:32:43]} dxc4 {[%clk 1:24:33]} 7. Qc2
{[%clk 1:32:31]} b5 {[%clk 1:24:44]} 8. a4 {[%clk 1:31:47]} b4 {[%clk 1:20:40]}
9. Nbd2 {[%clk 1:29:45]} Ba6 {[%clk 1:02:51]} 10. Nxc4 {[%clk 1:29:01]} Nbd7
{[%clk 0:53:31]} 11. Nfe5 {[%clk 1:20:56]} Nxe5 {[%clk 0:51:56]} 12. Nxe5
{[%clk 1:21:10]} Nd5 {[%clk 0:51:31]} 13. Rd1 {[%clk 1:21:01]} Bb7
{[%clk 0:45:15]} 14. e4 {[%clk 1:19:59]} Nf6 {[%clk 0:42:13]} 15. Nc6
{[%clk 1:20:07]} Qe8 {[%clk 0:40:43]} 16. Nxe7+ {[%clk 1:20:10]} Qxe7
{[%clk 0:41:09]} 17. Bg5 {[%clk 1:20:32]} c5 {[%clk 0:32:21]} 18. dxc5
{[%clk 1:14:02]} Rac8 {[%clk 0:30:38]} 19. Bxf6 {[%clk 1:10:37]} gxf6
{[%clk 0:29:59]} 20. Rac1 {[%clk 1:10:55]} Rc7 {[%clk 0:28:01]} 21. Qc4
{[%clk 1:02:58]} a5 {[%clk 0:23:47]} 22. e5 {[%clk 1:00:43]} Bxg2
{[%clk 0:22:01]} 23. Kxg2 {[%clk 1:01:09]} Rfc8 {[%clk 0:21:38]} 24. Qg4+
{[%clk 0:59:42]} Kh8 {[%clk 0:21:43]} 25. Qd4 {[%clk 0:57:49]} fxe5
{[%clk 0:19:42]} 26. Qxe5+ {[%clk 0:58:12]} f6 {[%clk 0:20:06]} 27. Qd6
{[%clk 0:58:10]} Qxd6 {[%clk 0:20:32]} 28. Rxd6 {[%clk 0:58:26]} Rxc5
{[%clk 0:20:58]} 29. Rxc5 {[%clk 0:58:27]} Rxc5 {[%clk 0:21:21]} 30. Rxe6
{[%clk 0:58:52]} Kg7 {[%clk 0:21:20]} 31. Ra6 {[%clk 0:59:16]} Rc2
{[%clk 0:21:07]} 32. Rxa5 {[%clk 0:59:41]} Rxb2 {[%clk 0:21:34]} 33. Rb5
{[%clk 1:00:04]} b3 {[%clk 0:21:55]} 34. a5 {[%clk 1:00:31]} Ra2 {[%clk 0:22:23]}
35. Rxb3 {[%clk 1:00:54]} Rxa5 {[%clk 0:22:48]} 36. h4 {[%clk 1:01:10]} h5
{[%clk 0:20:21]} 37. Rb4 {[%clk 1:00:09]} Ra2 {[%clk 0:15:09]} 38. Rf4
{[%clk 1:00:09]} Kg6 {[%clk 0:15:34]} 39. Kh3 {[%clk 1:00:32]} Ra3
{[%clk 0:13:53]} 40. Rc4 {[%clk 1:00:12]} Rb3 {[%clk 0:13:25]} 41. Rc5
{[%clk 1:00:26]} Rb2 {[%clk 0:10:33]} 42. f3 {[%clk 1:00:45]} Rf2
{[%clk 0:10:39]} 43. Rc3 {[%clk 1:01:00]} f5 {[%clk 0:10:52]} 44. Rc6+
{[%clk 1:01:20]} Kg7 {[%clk 0:11:18]} 45. f4 {[%clk 1:01:29]} Re2
{[%clk 0:09:54]} 46. Rb6 {[%clk 1:01:52]} Rf2 {[%clk 0:10:18]} 47. Re6
{[%clk 1:02:08]} Rd2 {[%clk 0:10:03]} 48. Re1 {[%clk 1:02:27]} Kf6
{[%clk 0:10:28]} 49. Rg1 {[%clk 1:02:43]} Ke6 {[%clk 0:10:06]} 50. Rh1
{[%clk 1:02:44]} Ra2 {[%clk 0:10:24]} 51. Rb1 {[%clk 1:03:07]} Kf6
{[%clk 0:10:50]} 52. Rb6+ {[%clk 1:02:44]} Kg7 {[%clk 0:11:11]} 53. Rb7+
{[%clk 1:03:09]} Kg6 {[%clk 0:11:37]} 54. Re7 {[%clk 1:03:32]} Rb2
{[%clk 0:12:01]} 55. Re5 {[%clk 1:03:54]} Ra2 {[%clk 0:12:26]} 56. Rb5
{[%clk 1:04:19]} Rc2 {[%clk 0:12:52]} 57. Ra5 {[%clk 1:04:46]} Rb2
{[%clk 0:13:17]} 58. Ra1 {[%clk 1:05:12]} Kf6 {[%clk 0:13:43]} 59. Rf1
{[%clk 1:05:02]} Ra2 {[%clk 0:14:06]} 60. Re1 {[%clk 1:05:26]} Rb2
{[%clk 0:14:30]} 61. Re8 {[%clk 1:04:16]} Kg7 {[%clk 0:14:21]} 62. Ra8
{[%clk 1:04:40]} Rc2 {[%clk 0:14:41]} 63. Ra1 {[%clk 1:04:56]} Kf6
{[%clk 0:15:04]} 64. Rg1 {[%clk 1:05:18]} Ke6 {[%clk 0:15:25]} 65. Rb1
{[%clk 1:05:44]} Kf6 {[%clk 0:15:50]} 66. Rb5 {[%clk 1:06:08]} Ra2
{[%clk 0:16:07]} 67. Rd5 {[%clk 1:06:33]} Rb2 {[%clk 0:16:29]} 68. Rd1
{[%clk 1:06:58]} Ra2 {[%clk 0:16:52]} 69. Rd7 {[%clk 1:07:22]} Kg6
{[%clk 0:17:16]} 70. Rd8 {[%clk 1:07:46]} Kg7 {[%clk 0:17:42]} 71. Rd5
{[%clk 1:08:11]} Kg6 {[%clk 0:18:08]} 72. Re5 {[%clk 1:08:34]} Rb2
{[%clk 0:18:34]} 73. Ra5 {[%clk 1:09:00]} Rc2 {[%clk 0:19:01]} 74. Ra8
{[%clk 1:09:27]} Kg7 {[%clk 0:19:26]} 75. Ra1 {[%clk 1:09:53]} Kf6
{[%clk 0:19:52]} 76. Ra7 {[%clk 1:10:19]} Kg6 {[%clk 0:20:19]} 77. Rb7
{[%clk 1:10:46]} Ra2 {[%clk 0:20:42]} 78. Rb6+ {[%clk 1:11:12]} Kg7
{[%clk 0:21:08]} 79. Rb8 {[%clk 1:11:37]} Rc2 {[%clk 0:21:33]} 80. Rb1
{[%clk 1:12:04]} Kf6 {[%clk 0:21:59]} 81. Rb7 {[%clk 1:12:29]} Kg6
{[%clk 0:22:25]} 82. Rd7 {[%clk 1:12:53]} Ra2 {[%clk 0:22:49]} 83. Rb7
{[%clk 1:13:14]} Rc2 {[%clk 0:23:14]} 84. Rb1 {[%clk 1:13:42]} Kf6
{[%clk 0:23:39]} 85. Re1 {[%clk 1:14:02]} Ra2 {[%clk 0:24:01]} 86. Rc1
{[%clk 1:14:24]} Rb2 {[%clk 0:24:25]} 87. Rc8 {[%clk 1:14:50]} Kg7
{[%clk 0:24:51]} 88. Rc7+ {[%clk 1:15:15]} Kg6 {[%clk 0:25:17]} 89. Rc6+
{[%clk 1:15:42]} Kg7 {[%clk 0:25:43]} 90. Ra6 {[%clk 1:16:09]} Rc2
{[%clk 0:26:08]} 91. Ra1 {[%clk 1:16:35]} Kf6 {[%clk 0:26:33]} 92. Rf1
{[%clk 1:16:57]} Ra2 {[%clk 0:26:57]} 93. Rb1 {[%clk 1:16:54]} Rc2
{[%clk 0:27:20]} 94. Rb6+ {[%clk 1:17:19]} Kg7 {[%clk 0:27:46]} 95. Rb7+
{[%clk 1:17:41]} Kg6 {[%clk 0:28:11]} 96. Rb8 {[%clk 1:18:06]} Kg7
{[%clk 0:28:37]} 97. Re8 {[%clk 1:18:31]} Ra2 {[%clk 0:29:02]} 98. Re1
{[%clk 1:18:54]} Kf6 {[%clk 0:29:28]} 99. Rg1 {[%clk 1:19:20]} Ke6
{[%clk 0:29:55]} 100. Rg2 {[%clk 1:19:41]} Rxg2 {[%clk 0:30:14]} 101. Kxg2
{[%clk 1:20:07]} Kd5 {[%clk 0:30:35]} 102. Kf3 {[%clk 1:20:15]} Kd4
{[%clk 0:30:56]} 103. Kf2 {[%clk 1:20:40]} Ke4 {[%clk 0:31:10]} 104. Ke2
{[%clk 1:21:06]} Kd4 {[%clk 0:31:36]} 105. Kf3 {[%clk 1:21:13]} Kd3
{[%clk 0:32:01]} 106. Kf2 {[%clk 1:21:39]} Kd4 {[%clk 0:32:18]} 107. Kf3
{[%clk 1:22:03]} Kd3 {[%clk 0:32:44]} 108. Kf2 {[%clk 1:22:30]} Kd4
{[%clk 0:33:11]} 109. Kf3 {[%clk 1:22:56]} Kd3 {[%clk 0:33:37]} 110. Kf2
{[%clk 1:23:24]} 1/2-1/2

[Event "Praha"]
[Site "?"]
[Date "2023.01.07"]
[Round "3.10"]
[White "Oye-Stromberg, Alexander"]
[Black "Vokoun, Jan"]
[Result "1-0"]
[BlackElo "2019"]
[WhiteElo "2254"]
[LiveChessVersion "1.4.8"]

1. e4 {[%clk 1:28:50]} g6 {[%clk 1:30:06]} 2. d4 {[%clk 1:28:39]} c6
{[%clk 1:29:48]} 3. c4 {[%clk 1:26:23]} Bg7 {[%clk 1:27:05]} 4. Nc3
{[%clk 1:26:04]} d6 {[%clk 1:26:05]} 5. Be3 {[%clk 1:22:36]} f5 {[%clk 1:16:52]}
6. exf5 {[%clk 1:19:17]} Bxf5 {[%clk 1:17:20]} 7. Nge2 {[%clk 1:18:49]} Nh6
{[%clk 1:14:02]} 8. h3 {[%clk 1:13:04]} Na6 {[%clk 1:08:29]} 9. g4
{[%clk 1:04:21]} Bd7 {[%clk 1:05:29]} 10. Bg2 {[%clk 1:03:13]} Rb8
{[%clk 1:03:51]} 11. O-O {[%clk 1:02:17]} b5 {[%clk 1:01:01]} 12. d5
{[%clk 1:00:07]} c5 {[%clk 1:00:45]} 13. cxb5 {[%clk 0:59:15]} Bxb5
{[%clk 1:01:10]} 14. Nxb5 {[%clk 0:53:17]} Rxb5 {[%clk 1:01:39]} 15. Nf4
{[%clk 0:51:20]} Nc7 {[%clk 1:00:22]} 16. Ne6 {[%clk 0:50:26]} Nxe6
{[%clk 1:00:50]} 17. dxe6 {[%clk 0:50:50]} Rxb2 {[%clk 0:59:04]} 18. Bxh6
{[%clk 0:50:37]} Bxh6 {[%clk 0:59:27]} 19. Bc6+ {[%clk 0:51:02]} Kf8
{[%clk 0:58:06]} 20. Qf3+ {[%clk 0:51:26]} 1-0

[Event "Praha"]
[Site "?"]
[Date "2023.01.07"]
[Round "3.11"]
[White "Gijsen, William"]
[Black "Soucek, Petr"]
[Result "1-0"]
[BlackElo "2250"]
[WhiteElo "2144"]
[LiveChessVersion "1.4.8"]

1. e4 {[%clk 1:30:57]} e5 {[%clk 1:30:53]} 2. Nc3 {[%clk 1:31:23]} Nf6
{[%clk 1:31:19]} 3. f4 {[%clk 1:31:47]} d5 {[%clk 1:31:45]} 4. fxe5
{[%clk 1:32:12]} Nxe4 {[%clk 1:32:11]} 5. Qf3 {[%clk 1:32:30]} f5
{[%clk 1:32:37]} 6. d3 {[%clk 1:32:53]} Nxc3 {[%clk 1:33:03]} 7. bxc3
{[%clk 1:33:14]} d4 {[%clk 1:33:16]} 8. c4 {[%clk 1:30:56]} Nc6 {[%clk 1:30:33]}
9. Qg3 {[%clk 1:31:09]} Be6 {[%clk 1:29:22]} 10. Be2 {[%clk 1:26:42]} Bb4+
{[%clk 1:28:18]} 11. Kf2 {[%clk 1:27:00]} Qd7 {[%clk 1:25:41]} 12. Bh5+
{[%clk 1:23:16]} g6 {[%clk 1:25:12]} 13. Bf3 {[%clk 1:23:40]} O-O-O
{[%clk 1:23:16]} 14. Bg5 {[%clk 1:16:55]} Rdf8 {[%clk 1:06:16]} 15. Rb1
{[%clk 1:11:51]} a5 {[%clk 0:58:55]} 16. Qf4 {[%clk 1:06:17]} b6 {[%clk 0:45:49]}
17. Ne2 {[%clk 0:48:28]} Bc5 {[%clk 0:41:42]} 18. Bxc6 {[%clk 0:47:34]} Qxc6
{[%clk 0:42:06]} 19. Qf3 {[%clk 0:42:47]} Bd7 {[%clk 0:35:36]} 20. Nf4
{[%clk 0:30:56]} Qxf3+ {[%clk 0:34:57]} 21. gxf3 {[%clk 0:31:18]} Re8
{[%clk 0:26:11]} 22. Rbe1 {[%clk 0:30:08]} b5 {[%clk 0:19:33]} 23. e6
{[%clk 0:23:20]} Bc6 {[%clk 0:19:40]} 24. cxb5 {[%clk 0:23:43]} Bb7
{[%clk 0:18:00]} 25. Rhg1 {[%clk 0:21:35]} Bd6 {[%clk 0:17:11]} 26. Bh6
{[%clk 0:19:20]} Rhg8 {[%clk 0:14:12]} 27. h4 {[%clk 0:19:10]} a4
{[%clk 0:06:33]} 28. Re2 {[%clk 0:15:16]} a3 {[%clk 0:06:44]} 29. Bg5
{[%clk 0:12:29]} Rh8 {[%clk 0:03:45]} 30. Nh3 {[%clk 0:08:53]} Bd5
{[%clk 0:02:14]} 31. Bf6 {[%clk 0:08:49]} Rhf8 {[%clk 0:02:09]} 32. Bxd4
{[%clk 0:08:40]} Rxe6 {[%clk 0:02:06]} 33. Rxe6 {[%clk 0:06:18]} Bxe6
{[%clk 0:02:29]} 34. c4 {[%clk 0:06:42]} Rd8 {[%clk 0:02:06]} 35. Re1
{[%clk 0:05:56]} Bg8 {[%clk 0:01:29]} 36. Bf6 {[%clk 0:03:22]} Bc5+
{[%clk 0:01:14]} 37. Ke2 {[%clk 0:03:36]} Rf8 {[%clk 0:00:58]} 38. Be5
{[%clk 0:02:57]} Be7 {[%clk 0:01:01]} 39. Bg3 {[%clk 0:02:14]} Kd7
{[%clk 0:00:52]} 40. Kd1 {[%clk 0:02:27]} Ra8 {[%clk 0:00:58]} 41. Kc2
{[%clk 0:00:44]} Bf6 {[%clk 0:00:50]} 42. Kb3 {[%clk 0:30:02]} c6
{[%clk 0:29:23]} 43. b6 {[%clk 0:26:35]} Ra6 {[%clk 0:27:36]} 44. Bf2
{[%clk 0:26:34]} c5 {[%clk 0:22:42]} 45. Bxc5 {[%clk 0:25:26]} Ra5
{[%clk 0:21:36]} 46. Kb4 {[%clk 0:24:29]} Ra8 {[%clk 0:21:47]} 47. Kb5
{[%clk 0:23:34]} Bxh4 {[%clk 0:22:06]} 48. Re2 {[%clk 0:23:10]} Bd8
{[%clk 0:22:01]} 49. Be3 {[%clk 0:18:24]} Bf7 {[%clk 0:20:31]} 50. Bf4
{[%clk 0:18:18]} Bxb6 {[%clk 0:19:35]} 51. Kxb6 {[%clk 0:18:02]} Ra4
{[%clk 0:20:03]} 52. Kb5 {[%clk 0:16:51]} Ra8 {[%clk 0:20:08]} 53. Kb4
{[%clk 0:16:20]} Ra7 {[%clk 0:20:21]} 54. Re5 {[%clk 0:16:15]} 1-0

[Event "Praha"]
[Site "?"]
[Date "2023.01.07"]
[Round "3.12"]
[White "Lorscheid, Gerhard"]
[Black "Zolfagharian, Kevin"]
[Result "1/2-1/2"]
[BlackElo "2227"]
[WhiteElo "2139"]
[LiveChessVersion "1.4.8"]

1. Nf3 {[%clk 1:30:55]} d5 {[%clk 1:29:41]} 2. c4 {[%clk 1:31:18]} d4
{[%clk 1:30:06]} 3. e3 {[%clk 1:30:42]} c5 {[%clk 1:30:13]} 4. exd4
{[%clk 1:30:17]} cxd4 {[%clk 1:30:30]} 5. d3 {[%clk 1:30:40]} Nc6
{[%clk 1:30:13]} 6. g3 {[%clk 1:31:05]} Bg4 {[%clk 1:28:52]} 7. Bg2
{[%clk 1:31:15]} Qd7 {[%clk 1:27:16]} 8. h3 {[%clk 1:31:27]} Bh5 {[%clk 1:27:02]}
9. a3 {[%clk 1:30:56]} a5 {[%clk 1:25:57]} 10. O-O {[%clk 1:25:36]} e6
{[%clk 1:24:55]} 11. Re1 {[%clk 1:22:28]} Bd6 {[%clk 1:18:39]} 12. Nbd2
{[%clk 1:16:58]} Nf6 {[%clk 1:15:41]} 13. Qc2 {[%clk 1:15:29]} O-O
{[%clk 1:11:14]} 14. Rb1 {[%clk 1:12:14]} 1/2-1/2

[Event "Praha"]
[Site "?"]
[Date "2023.01.07"]
[Round "3.14"]
[White "Unneland, Mathias"]
[Black "Husa, Daniel"]
[Result "1-0"]
[BlackElo "1995"]
[WhiteElo "2217"]
[LiveChessVersion "1.4.8"]

1. e4 {[%clk 1:27:42]} c6 {[%clk 1:28:29]} 2. d4 {[%clk 1:26:27]} d5
{[%clk 1:28:54]} 3. e5 {[%clk 1:26:27]} c5 {[%clk 1:28:48]} 4. Nf3
{[%clk 1:26:18]} Nc6 {[%clk 1:26:42]} 5. dxc5 {[%clk 1:25:25]} Bg4
{[%clk 1:25:09]} 6. c3 {[%clk 1:23:07]} e6 {[%clk 1:09:15]} 7. Be3
{[%clk 1:21:08]} Bxf3 {[%clk 1:03:43]} 8. Qxf3 {[%clk 1:21:08]} Nxe5
{[%clk 1:03:03]} 9. Bb5+ {[%clk 1:21:02]} Nd7 {[%clk 0:56:08]} 10. c4
{[%clk 1:17:50]} a6 {[%clk 0:42:53]} 11. Ba4 {[%clk 1:16:35]} Qa5+
{[%clk 0:41:13]} 12. Nc3 {[%clk 1:16:35]} Ngf6 {[%clk 0:39:59]} 13. cxd5
{[%clk 1:13:16]} Bxc5 {[%clk 0:25:44]} 14. dxe6 {[%clk 1:12:28]} fxe6
{[%clk 0:25:21]} 15. Qxb7 {[%clk 1:04:13]} Ke7 {[%clk 0:23:38]} 16. Rd1
{[%clk 0:59:13]} Rhd8 {[%clk 0:20:39]} 17. Bxd7 {[%clk 0:57:13]} Ra7
{[%clk 0:18:05]} 18. Qc6 {[%clk 0:57:10]} Nxd7 {[%clk 0:17:49]} 19. Rxd7+
{[%clk 0:45:21]} Raxd7 {[%clk 0:17:55]} 20. Bxc5+ {[%clk 0:45:31]} Kf7
{[%clk 0:17:35]} 21. O-O {[%clk 0:45:17]} Rc7 {[%clk 0:14:41]} 22. Qf3+
{[%clk 0:45:32]} Kg8 {[%clk 0:14:37]} 23. b4 {[%clk 0:40:35]} Qa3
{[%clk 0:13:38]} 24. Qe3 {[%clk 0:38:48]} Rc6 {[%clk 0:12:04]} 25. Qg5
{[%clk 0:34:28]} Rd7 {[%clk 0:10:49]} 26. Ne4 {[%clk 0:33:07]} Kf7
{[%clk 0:08:05]} 27. Qh5+ {[%clk 0:33:16]} 1-0

[Event "Praha"]
[Site "?"]
[Date "2023.01.07"]
[Round "3.15"]
[White "Mohylnyi, Stepan"]
[Black "Nielsen, Andre"]
[Result "0-1"]
[BlackElo "2212"]
[WhiteElo "2130"]
[LiveChessVersion "1.4.8"]

1. e4 {[%clk 1:30:41]} e5 {[%clk 1:30:47]} 2. Nf3 {[%clk 1:31:00]} Nc6
{[%clk 1:31:05]} 3. d4 {[%clk 1:31:22]} exd4 {[%clk 1:31:17]} 4. Nxd4
{[%clk 1:31:45]} Nf6 {[%clk 1:31:36]} 5. Nxc6 {[%clk 1:32:09]} bxc6
{[%clk 1:31:57]} 6. e5 {[%clk 1:32:26]} Qe7 {[%clk 1:32:18]} 7. Qe2
{[%clk 1:32:49]} Nd5 {[%clk 1:32:35]} 8. c4 {[%clk 1:33:06]} Ba6 {[%clk 1:32:51]}
9. b3 {[%clk 1:33:29]} Qh4 {[%clk 1:32:23]} 10. Bb2 {[%clk 1:31:18]} Bb4+
{[%clk 1:32:32]} 11. Nd2 {[%clk 1:31:08]} Nc3 {[%clk 1:32:41]} 12. Qd3
{[%clk 1:23:47]} Ne4 {[%clk 1:29:13]} 13. g3 {[%clk 1:22:58]} Bxd2+
{[%clk 1:15:09]} 14. Qxd2 {[%clk 1:22:53]} Nxd2 {[%clk 1:15:29]} 15. gxh4
{[%clk 1:23:12]} Nf3+ {[%clk 1:15:49]} 16. Kd1 {[%clk 1:23:00]} Nxh4
{[%clk 1:15:41]} 17. Rg1 {[%clk 1:22:54]} Ng6 {[%clk 0:49:15]} 18. Kc2
{[%clk 1:18:51]} c5 {[%clk 0:45:01]} 19. Ba3 {[%clk 1:12:32]} d6 {[%clk 0:42:38]}
20. exd6 {[%clk 1:10:30]} cxd6 {[%clk 0:42:56]} 21. Bg2 {[%clk 1:10:41]} O-O-O
{[%clk 0:42:21]} 22. Bb2 {[%clk 1:10:30]} Rhe8 {[%clk 0:33:58]} 23. Rae1
{[%clk 1:09:17]} f6 {[%clk 0:32:39]} 24. h4 {[%clk 1:06:25]} Rxe1
{[%clk 0:18:28]} 25. Rxe1 {[%clk 1:06:04]} Bb7 {[%clk 0:18:37]} 26. Bh3+
{[%clk 0:56:56]} Kb8 {[%clk 0:16:14]} 27. h5 {[%clk 0:56:38]} Ne5
{[%clk 0:11:25]} 28. f4 {[%clk 0:55:32]} Nc6 {[%clk 0:11:35]} 29. Bf5
{[%clk 0:49:45]} Rh8 {[%clk 0:08:02]} 30. Rg1 {[%clk 0:47:20]} g6
{[%clk 0:06:55]} 31. hxg6 {[%clk 0:42:22]} hxg6 {[%clk 0:07:19]} 32. Bxg6
{[%clk 0:41:10]} Nb4+ {[%clk 0:04:09]} 33. Kd2 {[%clk 0:40:10]} Rh2+
{[%clk 0:04:02]} 34. Kc1 {[%clk 0:40:27]} Rf2 {[%clk 0:03:51]} 35. Rg4
{[%clk 0:38:51]} Rf1+ {[%clk 0:01:39]} 36. Kd2 {[%clk 0:39:16]} Rf2+
{[%clk 0:02:04]} 37. Kc1 {[%clk 0:39:42]} Bc8 {[%clk 0:02:24]} 38. Rg3
{[%clk 0:39:31]} Rf1+ {[%clk 0:02:28]} 39. Kd2 {[%clk 0:39:56]} Rf2+
{[%clk 0:02:52]} 40. Kc1 {[%clk 0:40:20]} Rxf4 {[%clk 0:03:03]} 41. a3
{[%clk 0:37:30]} Nc6 {[%clk 0:03:08]} 42. Bc3 {[%clk 0:36:52]} Kc7
{[%clk 0:26:44]} 43. Bf7 {[%clk 1:03:24]} Nd4 {[%clk 0:23:06]} 44. Bxd4
{[%clk 1:01:19]} Rxd4 {[%clk 0:22:40]} 45. Bd5 {[%clk 1:01:16]} Rg4
{[%clk 0:20:18]} 46. Re3 {[%clk 0:59:50]} Rg7 {[%clk 0:19:22]} 47. Kd2
{[%clk 0:59:03]} Rh7 {[%clk 0:16:56]} 48. Kc3 {[%clk 0:58:39]} Rh3
{[%clk 0:13:24]} 49. Rxh3 {[%clk 0:56:24]} Bxh3 {[%clk 0:13:46]} 50. b4
{[%clk 0:54:48]} Kb6 {[%clk 0:08:18]} 51. Bf7 {[%clk 0:52:22]} Bg2
{[%clk 0:07:08]} 52. Bg6 {[%clk 0:51:57]} a5 {[%clk 0:05:40]} 53. Bf5
{[%clk 0:50:22]} Bf1 {[%clk 0:05:07]} 54. Bg4 {[%clk 0:49:03]} Bg2
{[%clk 0:05:00]} 55. Bf5 {[%clk 0:48:30]} Bc6 {[%clk 0:05:12]} 56. Kb3
{[%clk 0:48:32]} Kc7 {[%clk 0:04:46]} 57. Kc3 {[%clk 0:48:35]} Bd7
{[%clk 0:03:53]} 58. Bxd7 {[%clk 0:40:08]} axb4+ {[%clk 0:03:46]} 59. axb4
{[%clk 0:40:07]} cxb4+ {[%clk 0:04:06]} 60. Kxb4 {[%clk 0:40:24]} Kxd7
{[%clk 0:04:28]} 61. Kc3 {[%clk 0:39:13]} Kc6 {[%clk 0:04:36]} 62. Kd4
{[%clk 0:39:38]} f5 {[%clk 0:04:43]} 0-1

[Event "Praha"]
[Site "?"]
[Date "2023.01.07"]
[Round "3.16"]
[White "Compagnie, Luc"]
[Black "Mach, Petr"]
[Result "1/2-1/2"]
[BlackElo "2205"]
[WhiteElo "2115"]
[LiveChessVersion "1.4.8"]

1. d4 {[%clk 1:30:57]} g6 {[%clk 1:30:56]} 2. Nf3 {[%clk 1:31:23]} Bg7
{[%clk 1:31:23]} 3. g3 {[%clk 1:31:47]} d6 {[%clk 1:31:45]} 4. Bg2
{[%clk 1:32:12]} Nf6 {[%clk 1:32:11]} 5. O-O {[%clk 1:32:36]} O-O
{[%clk 1:32:38]} 6. b3 {[%clk 1:33:03]} c5 {[%clk 1:27:32]} 7. Bb2
{[%clk 1:33:28]} Ne4 {[%clk 1:27:14]} 8. Qc1 {[%clk 1:23:09]} Qc7
{[%clk 1:04:11]} 9. c4 {[%clk 1:19:03]} f5 {[%clk 0:51:34]} 10. Nbd2
{[%clk 0:54:07]} Nc6 {[%clk 0:49:55]} 11. d5 {[%clk 0:46:57]} Bxb2
{[%clk 0:49:25]} 12. Qxb2 {[%clk 0:47:26]} Nxd2 {[%clk 0:49:48]} 13. Nxd2
{[%clk 0:44:19]} Ne5 {[%clk 0:49:53]} 14. f4 {[%clk 0:39:47]} Ng4
{[%clk 0:50:10]} 15. Qc3 {[%clk 0:40:14]} a5 1/2-1/2

[Event "Praha"]
[Site "?"]
[Date "2023.01.07"]
[Round "3.17"]
[White "Pressler, Tobias"]
[Black "Vaculik, Jakub"]
[Result "0-1"]
[BlackElo "2200"]
[WhiteElo "1975"]
[LiveChessVersion "1.4.8"]

1. e4 {[%clk 1:30:31]} e6 {[%clk 1:30:54]} 2. d4 {[%clk 1:29:57]} d5
{[%clk 1:31:17]} 3. Nd2 {[%clk 1:29:56]} Nf6 {[%clk 1:31:37]} 4. Bd3
{[%clk 1:29:18]} c5 {[%clk 1:31:26]} 5. dxc5 {[%clk 1:28:51]} dxe4
{[%clk 1:30:23]} 6. Bb5+ {[%clk 1:28:12]} Bd7 {[%clk 1:29:44]} 7. Qe2
{[%clk 1:27:48]} Bxb5 {[%clk 1:24:28]} 8. Qxb5+ {[%clk 1:28:12]} Qd7
{[%clk 1:24:47]} 9. Qc4 {[%clk 1:27:33]} Qd5 {[%clk 1:22:46]} 10. b4
{[%clk 1:24:57]} e3 {[%clk 1:18:15]} 11. Qb5+ {[%clk 1:19:36]} Qc6
{[%clk 1:16:22]} 12. Qxc6+ {[%clk 1:19:34]} Nxc6 {[%clk 1:16:50]} 13. Nc4
{[%clk 1:17:41]} exf2+ {[%clk 1:16:02]} 14. Kxf2 {[%clk 1:18:06]} Nxb4
{[%clk 1:16:21]} 15. c3 {[%clk 1:16:20]} Nd3+ {[%clk 1:15:05]} 16. Ke2
{[%clk 1:16:30]} Nxc1+ {[%clk 1:15:13]} 17. Rxc1 {[%clk 1:16:57]} Bxc5
{[%clk 1:15:21]} 18. Nf3 {[%clk 1:16:31]} O-O {[%clk 1:15:18]} 19. Rb1
{[%clk 1:16:31]} b6 {[%clk 1:15:16]} 20. Nce5 {[%clk 1:16:10]} Rad8
{[%clk 1:13:11]} 21. c4 {[%clk 1:15:31]} Ne4 {[%clk 1:12:05]} 22. Rb3
{[%clk 1:15:24]} f6 {[%clk 1:11:32]} 23. Ng4 {[%clk 1:14:29]} Rd7
{[%clk 1:10:57]} 24. Re1 {[%clk 1:12:12]} Rfd8 {[%clk 1:08:44]} 25. Kf1
{[%clk 1:10:13]} Rd1 {[%clk 1:08:38]} 26. Ke2 {[%clk 1:09:49]} Rxe1+
{[%clk 1:08:25]} 27. Kxe1 {[%clk 1:10:15]} h5 {[%clk 1:07:02]} 28. Ne3
{[%clk 1:10:42]} Bxe3 {[%clk 1:07:18]} 29. Rxe3 {[%clk 1:11:08]} Nc5
{[%clk 1:07:41]} 30. Ke2 {[%clk 1:11:18]} Kf7 {[%clk 1:07:56]} 31. Ra3
{[%clk 1:11:39]} Rd7 {[%clk 1:08:00]} 32. Ke3 {[%clk 1:11:44]} e5
{[%clk 1:07:31]} 33. h3 {[%clk 1:11:45]} Ke6 {[%clk 1:07:27]} 34. g4
{[%clk 1:12:06]} hxg4 {[%clk 1:07:34]} 35. hxg4 {[%clk 1:12:33]} g6
{[%clk 1:07:22]} 36. Ke2 {[%clk 1:12:31]} f5 {[%clk 1:06:28]} 37. gxf5+
{[%clk 1:10:20]} gxf5 {[%clk 1:06:01]} 38. Nh4 {[%clk 1:10:09]} Rd4
{[%clk 1:02:02]} 39. Nf3 {[%clk 1:10:21]} Rxc4 {[%clk 1:01:49]} 40. Rxa7
{[%clk 1:10:45]} Ra4 {[%clk 1:01:58]} 41. Ng5+ {[%clk 1:10:56]} Kd5
{[%clk 1:01:54]} 0-1